Klasická a nová geopolitika /

Gespeichert in:
Bibliographische Detailangaben
1. Verfasser: Volner, Štefan 1954- (VerfasserIn)
Format: Buch
Sprache:Slowakisch
Veröffentlicht: Zvolen : Bratia Sabovci, 2007
Ausgabe:2. uprav. vyd. v slov. jazyku
Schlagworte:
ISBN:9788089241132
Online-Zugang: Volltext
Tags: Tag hinzufügen
Keine Tags, Fügen Sie den ersten Tag hinzu!

MARC

LEADER 00000nam a2200000 4500
003 SK-BrCVT
005 20220621162625.0
008 100323s2007 xo e ||||||slo d
020 |a 9788089241132 
035 |a CVTIDW1523320 
040 |b slo  |a CVTI SR  |e AACR2 
041 0 |a slo 
044 |a xo 
080 |a 32:911.3  |2 UDC-MRF 
080 |a 327  |2 UDC-MRF 
100 1 |a Volner, Štefan  |d 1954-,  |4 aut 
245 1 0 |a Klasická a nová geopolitika /  |c Štefan Volner 
250 |a 2. uprav. vyd. v slov. jazyku 
260 |a Zvolen :  |b Bratia Sabovci,  |c 2007 
300 |a 160 s. :  |b grafy, lit., obr. ; 
653 1 |a geopolitická škola  |a vedecká revolúcia  |a teória rovnováhy 
910 |b A610329 
919 |a 978-80-89241-13-2 
974 |f Knihy 
992 |a AMG 
999 |c 151533  |d 151533